| 000 | 00886nmc a2200325 a 4500 | ||
|---|---|---|---|
| 003 | AR-X00000XY | ||
| 005 | 20251128211845.0 | ||
| 008 | 096120s1998 ||||||||||||||000 | spa|| | ||
| 020 | _a1-85326-787-2 | ||
| 040 | _cAR-X00000XY | ||
| 100 | 0 | _aDante Alighieri | |
| 245 | 1 | 0 | _aThe inferno |
| 260 |
_aHertfordshire _bWordsworth Editions _c1998 |
||
| 300 | 1 | _axvi, 203 p. | |
| 490 | 0 | _aWordsworth classics of world literature | |
| 650 | 4 | _aLITERATURA ITALIANA | |
| 650 | 4 | _aLITERATURA CLASICA | |
| 650 | 4 | _aEDAD MEDIA | |
| 650 | 4 | _aFILOSOFIA LITERARIA | |
| 650 | 4 | _aCRISTIANISMO | |
| 650 | 4 | _aPOESIA | |
| 653 | 0 | _aINFLUENCIA CLASICA | |
| 653 | 0 | _aFILOSOFIA MEDIEVAL | |
| 655 | _aLITERATURA | ||
| 700 | 1 |
_aCary, Henry Francis _etraductor |
|
| 700 | 1 |
_aHoness, Claire _eintroducción |
|
| 700 | 1 |
_aAlbertini, Stefano _ecomentarios |
|
| 942 | _cBK | ||
| 998 | _cmartin | ||
| 999 |
_c21399 _d21399 |
||